NCAA Wrestling 2025 CKLV Placements - Statistics

General Stats
  • This quiz has been taken 7 times
  • The average score is 27 of 80
Answer Stats
School Weight Answer Placement % Correct
West Virginia 125 Jett Strickenberger 1st Place
100%
Arizona St 149 Kaleb Larkin 3rd Place
100%
Arizona St 133 Kyler Larkin 2nd Place
100%
Michigan 125 Diego Sotelo 7th Place
83%
Virginia Tech 133 Dillon Campbell 4th Place
83%
Iowa St 133 Evan Frost 1st Place
83%
Iowa St 149 Jacob Frost 4th Place
83%
Cornell 149 Jaxon Joy 1st Place
83%
Oregon St 125 Maximo Renteria 2nd Place
83%
Stanford 125 Nico Provo 3rd Place
83%
Iowa St 125 Stevo Poulin 4th Place
83%
Rider 141 Elijah Griffin 2nd Place
67%
West Virginia 157 Ty Watters 1st Place
67%
Iowa St 157 Vinny Zerban 2nd Place
67%
Stanford 149 Aden Valencia 5th Place
50%
Michigan 174 Beau Mantanona 3rd Place
50%
Michigan 184 Brock Mantanona 2nd Place
50%
Wyoming 285 Christian Carroll 2nd Place
50%
Virginia Tech 149 Collin Gaj 7th Place
50%
Stanford 157 Daniel Cardenas 3rd Place
50%
Navy 174 Danny Wask 2nd Place
50%
Utah Valley 149 David Evans 6th Place
50%
Princeton 149 Eligh Rivera 2nd Place
50%
Franklin & Marshall 184 James Conway 1st Place
50%
Purdue 165 Joey Blaze 1st Place
50%
Wyoming 197 Joey Novak 2nd Place
50%
Arizona St 165 Nicco Ruiz 2nd Place
50%
Iowa St 197 Rocky Elam 1st Place
50%
Michigan 285 Taye Ghadiali 3rd Place
50%
Iowa St 285 Yonger Bastida 1st Place
50%
Cal Poly 141 Zeth Romney 8th Place
50%
Stanford 197 Angelo Posada 5th Place
33%
Iowa St 141 Anthony Echmendia 1st Place
33%
Michigan 157 Cameron Catrabone 4th Place
33%
Oklahoma 174 Carter Schuber 1st Place
33%
Arizona St 285 David Szuba 4th Place
33%
Northwestern 125 Dedrick Navarro 6th Place
33%
South Dakota St 133 Derrick Cardinal 7th Place
33%
Oregon St 197 Justin Rademacher 3rd Place
33%
Cal Poly 125 Koda Holeman 5th Place
33%
Columbia 125 Sulayman Bah 8th Place
33%
Cal Poly 285 Trevor Tinker 5th Place
33%
Oklahoma 141 Tyler Wells 5th Place
33%
Iowa St 165 Aiden Riggins 4th Place
17%
South Dakota St 149 Alek Martin 8th Place
17%
Northern Illinois 165 Brett Smith 8th Place
17%
Purdue 174 Brody Baumann 8th Place
17%
Wyoming 184 Eddie Neitenbach 4th Place
17%
West Virginia 133 Gunner Andrick 5th Place
17%
Utah Valley 141 Haiden Drury 7th Place
17%
Iowa St 184 Isaac Dean 5th Place
17%
Harvard 157 Jimmy Harrington 8th Place
17%
Columbia 141 Lorenzo Frezza 4th Place
17%
South Dakota St 285 Luke Rasmussen 7th Place
17%
Wyoming 133 Luke Willochell 6th Place
17%
Oregon St 141 Nash Singleton 6th Place
17%
Ohio 184 Sal Perrine 6th Place
17%
Northwestern 133 Sean Spidle 8th Place
17%
Navy 285 Spencer Lanosga 6th Place
17%
Purdue 157 Stoney Buell 6th Place
17%
Cornell 133 Tyler Ferrera 3rd Place
17%
Columbia 184 Aaron Ayzerov 8th Place
0%
Purdue 197 Ben Vanadia 7th Place
0%
Oklahoma 184 Brian Soldano 3rd Place
0%
West Virginia 174 Brody Conley 6th Place
0%
Cal Poly 174 Cash Stewart 7th Place
0%
Cal Poly 184 Ceasar Garza 7th Place
0%
Columbia 165 Cesar Alvan 5th Place
0%
Arizona St 157 Chance McLane 5th Place
0%
Ohio 157 Derek Raike 7th Place
0%
Northern Illinois 285 Devon Dawson 8th Place
0%
Oklahoma 197 DJ Parker 4th Place
0%
Northwester 174 Eddie Enright 5th Place
0%
Harvard 141 Jack Consiglio 3rd Place
0%
South Dakota St 165 Marcus Owens 6th Place
0%
South Dakota St 174 Moses Owens 4th Place
0%
West Virginia 197 Rune Lawrence 6th Place
0%
West Virginia 165 Shawn Taylor 7th Place
0%
Northern Illinois 197 Spencer Mooberry 8th Place
0%
Princeton 165 Ty Whalen 3rd Place
0%
No matching quizzes found
Score Distribution
Percent of People with Each Score
Percentile by Number Answered
Your Score History
You have not taken this quiz